Construction Act review - case law index (Record no. 71896)

MARC details
000 -LEADER
fixed length control field 00807cam a2200193 4500
001 - CONTROL NUMBER
control field ABS66195
008 - FIXED-LENGTH DATA ELEMENTS--GENERAL INFORMATION
fixed length control field 030107n2002 000 0 eng u
035 ## - SYSTEM CONTROL NUMBER
System control number (Sirsi) u120946
100 ## - MAIN ENTRY--PERSONAL NAME
Personal name Sheridan, P
245 ## - TITLE STATEMENT
Title Construction Act review - case law index
260 ## - PUBLICATION, DISTRIBUTION, ETC.
Date of publication, distribution, etc. 2002
490 ## - SERIES STATEMENT
Series statement Construction Law Journal
Volume/sequential designation 18(6) 2002, 457-479(23)
520 ## - SUMMARY, ETC.
Summary, etc. Presents a second annual case law index covering over 100 cases reported between 1999-2002 concerning the Housing Grants Construction and Regeneration Act 1996, known as the Construction Act. Provides an alphabetical index with case references followed by a subject index.
590 ## - LOCAL NOTE (RLIN)
Local note ABS
650 ## - SUBJECT ADDED ENTRY--TOPICAL TERM
Topical term or geographic name entry element HOUSING GRANTS, CONSTRUCTION AND REGENERATION ACT 1996
690 ## - LOCAL SUBJECT ADDED ENTRY--TOPICAL TERM (OCLC, RLIN)
Topical term or geographic name as entry element BUILDING AND CONSTRUCTION-CASE LAW
700 ## - ADDED ENTRY--PERSONAL NAME
Personal name Helps, D
942 ## - ADDED ENTRY ELEMENTS (KOHA)
Suppress in OPAC 0
Holdings
Withdrawn status Lost status Source of classification or shelving scheme Damaged status Not for loan Home library Current library Shelving location Date acquired Total Checkouts Full call number Barcode Date last seen Copy number Price effective from Koha item type
    Dewey Decimal Classification     London London Journal article 07/01/2003   ABS66195 120946-1001 06/08/2019 1 06/08/2019 Journal article